Investing in German Real Estate (Record no. 121326)

MARC details
000 -LEADER
fixed length control field 01046nam a22002657a 4500
008 - FIXED-LENGTH DATA ELEMENTS--GENERAL INFORMATION
fixed length control field 160218b xxu||||| |||| 00| 0 eng d
020 ## - INTERNATIONAL STANDARD BOOK NUMBER
ISBN 9783648146576
041 ## - LANGUAGE CODE
Language code of text/sound track or separate title eng
050 ## - Library of Congress Classification
Class mark 333.73170943
100 ## - MAIN ENTRY--PERSONAL NAME
Personal author Hackelberg, Florian
245 ## - TITLE STATEMENT
Title Investing in German Real Estate
Subtitle a practical guide
250 ## - EDITION
Edition statement 1st
260 ## - PUBLICATION INFORMATION
Place of publication Munich,
Publisher Haufe,
Date 2021
300 ## - PHYSICAL DESCRIPTION
Physical description 380p.
500 ## - GENERAL NOTE
General note Book donated by the author
520 ## - ABSTRACT
Abstract Essentials for successful real estate investments in Germany; macro-economic structure and dynamics of the German real estate market; real estate investment, trends and strategies; diverse submarkets; residential, offices, retail, hotel and nursing homes; real estate legal, tax and audit frameworks; German REITS and ESG; Real Estate M&A, financing, due diligence and valuations
583 ## - ACTION NOTE
Action Donated by the author
650 ## - KEYWORDS
Keywords Real Estate
650 ## - KEYWORDS
Keywords Investment
651 ## - SUBJECT ADDED ENTRY--GEOGRAPHIC NAME
Geographic name Germany
690 ## - BROAD SUBJECT
9 (RLIN) 6250
Broad subject Investments
700 ## - ADDED PERSONAL NAME
Added personal author Hackelberg, Florian
700 ## - ADDED PERSONAL NAME
Added personal author Hennig, Dirk
942 ## - ADDED ENTRY ELEMENTS (KOHA)
Suppress in OPAC Do not suppress in OPAC
Holdings
Lost status Damaged status Not for loan Home library Current library Shelving location Date acquired Source of acquisition Total Checkouts Full call number Date last seen Price effective from Koha item type
    Not For Loan London London Books 24/01/2023 Donated   333.73170943 24/01/2023 24/01/2023 Book